000 00829nam a2200217Ii 4500
003 JO-AjNU
008 230605s9999||||xx |||||||||||||| ||und||
040 _aJO-AjNU
_bara
_erda
_cJO-AjNU
041 _aara
050 1 4 _aK1420.5.Z29.2004
100 3 _a زين الدين ، صلاح ,
_eauthor
_947038
245 0 0 _aالمدخل إلى الملكية الفكرية نشأتها ومفهومها ونطاقها وأهميتها وتكيفها وتنظيميها وحمايتها
250 _aط1
264 3 1 _aعمان : دار الثقافة ، 2004
300 _a292ص
336 _atext
_btxt
_2rdacontent
337 _aunmediated
_bn
_2rdamedia
338 _avolume
_bnc
_2rdacarrier
490 0 _aسلسلة الكتب الفكرية (1)
650 4 _aالملكية الفكرية -- قوانين -- مصر
_947039
999 _aA20506
_c24074
_d24074